Spontánní bakteriální peritonitida v České republice

Bibliographic Details
Main Authors: Lata, J. (Author), Fejfar, Tomáš (Author), Krechler, T. (Author), Musil, D. (Author), Husová, L. (Author), Šenkyřík, M. (Author)
Corporate Author: Spoločný zjazd Českej gastroenterologickej a Českej hepatologickej spoločnosti (Author)
Format: Conference Proceeding Article
Language:Slovak
Czech
ISSN:1213-323X
Subjects:

MARC

LEADER 00000nab a2200000 a 4500
001 vtls000783990
003 SK-MaSNL
005 20260304112335.0
008 250429c2001 xo 0 slo
015 |a SNBRB2002/02-06870 
035 |a CLN000135670 
035 |a urn:nbn:sk:snk-abd47n 
035 |a (urnnbn)urn:nbn:sk:snk:ar-007ljy 
035 |a (uuid)3fee54d7-6ab4-4009-81ba-736e8b6383c0 
040 |a SNKBUCL  |b slo  |c SNKBUCL  |e AACR2 
041 0 |a cze 
044 |a xo  |c SK 
080 |a 616.381-002(437.1/.2)  |2 1997 
245 0 0 |a Spontánní bakteriální peritonitida v České republice  |c J. Lata ... [et al.] 
650 0 7 |a peritonitída  |2 SNKPH  |9 16687 
651 7 |a Česko  |2 SNKPHgeo  |9 16753 
655 7 |a články z novín a časopisov  |2 SNK  |9 267496 
700 1 |a Lata, J.  |4 aut  |9 1133672 
700 1 |a Fejfar, Tomáš  |4 aut  |9 237790 
700 1 |a Krechler, T.  |4 aut  |9 1134377 
700 1 |a Musil, D.  |4 aut  |9 1134026 
700 1 |a Husová, L.  |4 aut  |9 1133530 
700 1 |a Šenkyřík, M.  |4 aut  |9 1133965 
711 1 |a Spoločný zjazd Českej gastroenterologickej a Českej hepatologickej spoločnosti  |d 2001  |c Liberec, Česko  |4 aut  |9 1401002 
773 0 |t Česká a slovenská gastroenterologie a hepatologie  |g Roč. 55, Supplementum 1 (2001), s. 71  |x 1213-323X 
850 |a Slovenská národná knižnica 
852 |a Slovenská národná knižnica 
954 |a odborná, vedecká literatúra cudzojazyčná (svetová)  |2 lita 
958 |a article17 
958 |a OND 
958 |a MI 
958 |a EUIPO 
999 |c 2865421  |d 2867351